• 首页
  • 本馆介绍
  • 公告通知
  • 最新文献
  • 馆藏检索
  • 电子资源
  • 读者导购
  • 参考咨询
  • 我的图书馆
  • 登录
  • 详细信息显示
  • 放入我的书架
  • 预约/预借图书
  • 作者相关作品
  • 分类相关作品
  • 丛书相关作品
  • 出版社相关作品

书目信息

  • 表格格式
  • 工作单格式
  • 卡片格式
题名:
河北省普通高校专科接本科教育公共课考试指南
    
 
作者:
分册: 文史类  
出版信息:    2004
页数: 274页
开本: 26cm
丛书名:
单 册:
中图分类: G642.474
科图分类:
主题词: 教育--各级
电子资源:
ISBN:
000 00520nam0 2200169 450
001 0636244766
005 20070805083214.70
100    @a20060929d2004 km y0chiy0120 ea
101 0  @achi
200 1  @a河北省普通高校专科接本科教育公共课考试指南@Ahe bei sheng pu tong gao xiao zhuan ke jie ben ke jiao yu gong gong ke kao shi zhi nan@e2005@h文史类
210    @d2004
215    @a274页@d26cm
517 1  @a2005
606 0  @a教育@x各级
690    @aG642.474@v3
801  0 @aCN@bNISOFT@c20070805
905    @a10447@dG642.474@e235:2(2005)
    
    河北省普通高校专科接本科教育公共课考试指南:2005.文史类.-2004
    274页;26cm
    
    
    ISBN :
    
●
相关链接 在E读中查询图书 在五车中查询图书 在当当中查询图书 在豆瓣中查询图书


正题名:河北省普通高校专科接本科教育公共课考试指南     索取号:G642.474/235:2(2005)         预约/预借

序号 登录号 条形码 馆藏地/架位号 状态 备注
1 0504190   205041907   密集书库/ [索取号:G642.474/235:2(2005)] 在馆    
2 0504191   205041916   密集书库/ [索取号:G642.474/235:2(2005)] 在馆    
3 0787864   207878643   密集书库/ [索取号:G642.474/235:2(2005)] 在馆    
4 0791270   207912703   密集书库/ [索取号:G642.474/235:2(2005)] 在馆    
5 0791339   207913392   密集书库/ [索取号:G642.474/235:2(2005)] 在馆    
唐山师范学院图书馆 欢迎您!
大连网信软件有限公司© 版权所有